000 00422nam a2200133Ia 4500
008 171212s9999 xx 000 0 und d
020 _a9789089649430
100 _aVerstraten, Peter
245 _cVerstraten, Peter
_aHumour and Irony in Dutch Post-war Fiction Film
260 _bAmsterdam University Press
_c2016
440 _aFraming Film
650 _aArt & Art History
856 _uhttp://jstor.org/stable/j.ctt1d8hb79
999 _c350954
_d350954